| 000 | 00493nam a2200169Ia 4500 | ||
|---|---|---|---|
| 008 | 240729s9999 xx 000 0 und d | ||
| 022 | _a2633-4941 | ||
| 245 | 0 | _aTherapeutic Advances in Reproductive Health | |
| 260 | _aUnited Kingdom | ||
| 260 | _bSAGE Publishing | ||
| 650 | _a Gynecology and obstetrics | Medicine | ||
| 650 | _a Public aspects of medicine | ||
| 650 | _aMedicine | ||
| 856 | _uhttps://doaj.org/toc/efc7a41802f44758b1d2fcb7a8e4d053 | ||
| 942 | _2ddc | ||
| 942 | _cDOAJEJ | ||
| 999 |
_c67681 _d67681 |
||
| 945 |
_a1 _bMadushi Gamage _c1 _dMadushi Gamage |
||